000 00790nam a2200229 a 4500
001 BRCA_1854
005 20190320203558.0
008 050608s1995----mx-#---###---#000-0#spa-#
041 _aspa
044 _amx
050 4 _aN910.M41
_b.V39 1995
100 1 _aVázquez Olvera, Carlos
_9577
245 1 0 _aEl Museo Nacional de Historia a través de cinco ex directores
_btestimonio de sus proyectos de trabajo, 1946-1992
_cCarlos Vázquez Olvera.
260 _aMéxico
_b[s.n]
_c1995
300 _a299 p.
_c28 cm.
500 _aEjemplar engargolado
500 _aPor política no se presta a domicilio
610 2 4 _aMuseo Nacional de Historia (Castillo de Chapultepec)
_xAdministración
_zCiudad de México
_95752
650 1 4 _aMuseografía
_zMéxico
_95753
902 _aeng
942 _2lcc
_cB
999 _c1632
_d1632